00646nam a2200169Ia 4500008004100000020001800041041000800059082001600067100002200083245016800105250000600273260002700279300001300306650000800319999001900327952013000346210716s2019 xx 000 0 und d a9788126578160 aeng a003.54 JAYR aJayaraman, Rajiv. aClearing the digital blur: how organizations can transform themselves at the speed of digital.bHow organizations can transform themselves at the speed of digital. a1 aNew DelhibWILEYc2019 axiii,326 aMIS c197230d197230 001040708MCAaAIMITbAIMITeKnowledge Worldg695.00l0o003.54 JAYRpMCA16745r2025-07-21 00:00:00v521.25w2021-07-16yBK